000 00522nam a2200217Ia 4500
003 OSt
005 20220924133719.0
006 a|||||r|||| 00| 0
007 ta
008 220923b |||||||| |||| 00| 0 snd d
024 _a268249
037 _cTextual
040 _aARTS
_cARTS
_bsnd
041 _2snd
_asnd
082 _aR6, 1593L5
100 _aGangaram Samrat
_9207159
245 0 _aGyan ganga
260 _c1975
942 _hR6, 1593L5
_cTEXL
_2CC
999 _c434890
_d434890